000 00336 a2200157 4500
001 60677
020 _a9788538001225
040 _cAnchieta - Pituba
100 _aDominic, Marc
240 1 0 _aTruques de mágica
_lpor
245 1 0 _aTruques de mágica
300 _a64
362 0 _a2007
650 4 _aLiteratura juvenil
942 _cBK
999 _c60677
_d60677